• 首页
  • 本馆介绍
  • 公告通知
  • 最新文献
  • 馆藏检索
  • 电子资源
  • 读者导购
  • 参考咨询
  • 我的图书馆
  • 登录
  • 详细信息显示
  • 放入我的书架
  • 预约/预借图书
  • 作者相关作品
  • 分类相关作品
  • 丛书相关作品
  • 出版社相关作品

书目信息

  • 表格格式
  • 工作单格式
  • 卡片格式
题名:
特立独型
    
 
作者: ;DAM工作室 主编
分册:  
出版信息: 武汉   华中科技大学出版社  2014
页数: 323页
开本: 27cm
丛书名:
单 册:
中图分类: TU241.1-64
科图分类:
主题词: 别墅--图集--建筑设计--世界--现代 , 别墅--图集--室内装饰设计--细部设计--世界--现代
电子资源:
ISBN: 978-7-5609-9959-3
000 01101nam0 2200253 450
001 605
005 20160908144200.14
010    @a978-7-5609-9959-3@b精装@dCNY338.00,USD69.99
100    @a20140806d2014 em y0chiy50 ea
101 0  @achi@aeng
102    @aCN@b420000
105    @aa z 000yy
200 1  @a特立独型@9te li du xing@dMaverick style@e别墅造型及细部设计图集@eresidential appearance and details design@zeng@fDAM工作室主编
210    @a武汉@c华中科技大学出版社@d2014
215    @a323页@d27cm
330    @a本书收录全球范围内极具特色的别墅造型设计,风格多样,既有中式别墅的氤氲古韵,又有美式别墅细部设计的简洁、大方,更有欧式别墅中的廊柱、雕花、线条及其典雅的制作工艺。
510 1  @aMaverick style@eresidential appearance and details design@zeng
517 1  @a别墅造型及细部设计图集@9bie shu zao xing ji xi bu she ji tu ji
606 0  @a别墅@j图集@x建筑设计@y世界@z现代
606 0  @a别墅@j图集@x室内装饰设计@x细部设计@y世界@z现代
690    @aTU241.1-64@v5
711 02 @aDAM工作室@9DAM gong zuo shi@4主编
801  0 @aCN@b唐山师范学院图书馆@c20160723
905    @aZUCC@dTU241.1-64@e779
    
    特立独型=Maverick style:别墅造型及细部设计图集:residential appearance and details design/DAM工作室主编.-武汉:华中科技大学出版社,2014
    323页;27cm
    
    
    ISBN 978-7-5609-9959-3(精装):CNY338.00,USD69.99
    本书收录全球范围内极具特色的别墅造型设计,风格多样,既有中式别墅的氤氲古韵,又有美式别墅细部设计的简洁、大方,更有欧式别墅中的廊柱、雕花、线条及其典雅的制作工艺。
●
相关链接 在E读中查询图书 在五车中查询图书 在当当中查询图书 在豆瓣中查询图书


正题名:特立独型     索取号:TU241.1-64/779         预约/预借

序号 登录号 条形码 馆藏地/架位号 状态 备注
1 902627   209026276   第二样本阅览室/ [索取号:TU241.1-64/779] 在馆    
2 902628   209026285   第三借阅区/ [索取号:TU241.1-64/779] 在馆    
3 902629   209026294   第三借阅区/ [索取号:TU241.1-64/779] 在馆    
4 902630   209026301   第三借阅区/ [索取号:TU241.1-64/779] 在馆    
5 902631   209026310   计算机科学系资料室/ [索取号:TU241.1-64/779] 在馆    
唐山师范学院图书馆 欢迎您!
大连网信软件有限公司© 版权所有